| 000 | 01525cam a2200397 a 4500 | ||
|---|---|---|---|
| 999 |
_c283 _d283 |
||
| 001 | 12510867 | ||
| 003 | ALUPE UNIVERSITY | ||
| 005 | 20210610121432.0 | ||
| 008 | 010822s2001 enkb b 001 0 eng | ||
| 010 | _a 2001272728 | ||
| 015 | _aGBA0-X0843 | ||
| 020 | _a0582062969 (ppr) | ||
| 020 | _a0582062977 (csd) | ||
| 035 | _a(OCoLC)ocm44604615 | ||
| 040 |
_aUKM _cUKM _dEMU _dC#P _dDLC |
||
| 042 | _alccopycat | ||
| 050 | 0 | 0 |
_aDA 66 _b.L46 2001 |
| 100 | 1 | _aLenman, Bruce. | |
| 245 | 1 | 0 |
_aEngland's colonial wars, 1550-1688 : _bconflicts, empire, and national identity / _cBruce P. Lenman. |
| 260 |
_aHarlow, England ; _aNew York : _bLongman, _c2001. |
||
| 300 |
_ax, 310 p. : _bmaps ; _c24 cm. |
||
| 440 | 0 | _aModern wars in perspective | |
| 504 | _aIncludes bibliographical references (p. [294]-298) and index. | ||
| 651 | 0 |
_aGreat Britain _xHistory, Military _y1485-1603. |
|
| 651 | 0 |
_aGreat Britain _xHistory, Military _y1603-1714. |
|
| 651 | 0 |
_aGreat Britain _xColonies _xHistory _y16th century. |
|
| 651 | 0 |
_aGreat Britain _xColonies _xHistory _y17th century. |
|
| 651 | 0 |
_aGreat Britain _xForeign relations _y16th century. |
|
| 651 | 0 |
_aGreat Britain _xForeign relations _y1603-1688. |
|
| 651 | 0 |
_aGreat Britain _xColonies _xHistory, Military. |
|
| 651 | 0 |
_aGreat Britain _xColonies _xAdministration. |
|
| 856 | 4 | 2 |
_3Book review (H-Net) _uhttp://www.h-net.org/review/hrev-a0b9y6-aa |
| 906 |
_a7 _bcbc _ccopycat _d2 _encip _f20 _gy-gencatlg |
||
| 942 |
_2lcc _cBK _nDO |
||